Cristóbal Colón y la construcción de un mundo nuevo : (Registro nro. 8094)

Detalles MARC
000 -LIDER
fixed length control field 02148nam a2200337 a 4500
001 - NÚMERO DE CONTROL
Identificador de número de control 000018717
003 - IDENTIFICACDOR DE NÚMERO DE CONTROL
control field DO-SdBNP
005 - DATE AND TIME OF LATEST TRANSACTION
control field 20211026130215.0
007 - CAMPOS FIJOS DE DESCRIPCIÓN FÍSICA
fixed length control field 000018717
008 - ELEMENTOS DE LONGITUD FIJA
fixed length control field 100514t2010 dr 001 0dspa d
020 ## - ISBN
International Standard Book Number 9789945020984
040 ## - FUENTE DE CATALOGACIÓN
Agencia que crea de manera original el registro BPMSU
Idioma de catalogación spa
Agencia que realiza la transcripción BPMSU
082 ## - NÚMERO DE CLASIFICACIÓN DECIMAL DE DEWEY
Classification number 923.9
Item number C719V 2010
Edition number 22
100 1# - ASIENTO PRINCIPAL -- NOMBRE PERSONAL
Nombre personal Varela, Consuelo
245 10 - MENCIÓN DE TITULO
Título Cristóbal Colón y la construcción de un mundo nuevo :
Subtítulo estudios, 1983-2008 /
Mención de responsabilidad Consuelo Varela ; presentación Roberto Cassá ; edición Andrés Blanco Díaz.
260 ## - PUBLICACIÓN, DISTRIBUCIÓN, ETC. (PIE DE IMPRENTA)
Lugar de publicación, distribución, etc Santo Domingo :
Nombre del editor, distribuidor, etc. Archivo General de la Nación,
Fecha de publicación, distribución, etc 2010.
300 ## - DESCRIPCIÓN FÍSICA
Extensión 641 p. ;
Dimensiones 23 cm.
490 0# - MENCIÓN DE SERIES
Mención de serie Archivo General de la Nación
Volume/sequential designation 107
500 ## - NOTA GENERAL
Nota general Incluye referencias bibliográficas y notas al pie de las páginas.
505 0# - NOTA DE CONTENIDO
Información miscelánea Presentación /
Mención de responsabilidad Roberto Cassá --
Información miscelánea Introducción --
-- I.- El personaje :
Título La persona --
-- Las relaciones con el poder --
-- Viajero por España y Portugal --
-- Los viajes al nuevo mundo --
Información miscelánea II.- La familia y los amigos :
Título La familia --
-- Los amigos --
Información miscelánea III.- Los escritos de Cristóbal Colón :
-- IV.- La colonización del nuevo mundo :
Título Los acompañantes --
-- Cara y cruz de la colonización --
-- V.- Colón y la leyenda :
-- El taller historiográfico colombino --
-- La construción de la identidad --
-- Algunas consideraciones sobre Cristóbal Colón en la poesía italiana del siglo xvi --
-- La imagen de Cristóbal Colón en las elegías de varones ilustres de Indias de Juan Castellanos --
-- Colón en la Francia decimonónica --
-- Washington Irvin y su biografía de Cristóbal Colón --
-- La supuesta causa de beatificación de Cristóbal Colón --
-- Apéndice : Nómina de documentos --
Información miscelánea Índice onomástico.
590 ## - NOTA LOCAL
Enlace Inventariado, 2021/VM
600 14 - ENCABEZAMIENTO DE MATERIA--NOMBRE PERSONAL
Nombre personal Colón, Cristobal
Fechas asociadas con el nombre 1451-1506
Subdivisión temática general Ensayos, conferencias, etc.
651 #4 - ENCABEZAMIENTO DE MATERIA--NOMBRE GEOGRÁFICO
Nombre geográfico América
Subdivisión temática general Descubrimiento y exploraciones
-- Ensayos, conferencias, etc.
651 #4 - ENCABEZAMIENTO DE MATERIA--NOMBRE GEOGRÁFICO
Nombre geográfico América
Subdivisión temática general Descripciones y viajes
700 1# - ASIENTO SECUNDARIO -- NOMBRE PERSONAL
Nombre personal Blanco Díaz, Andrés,
Mención de responsabilidad ed.
700 1# - ASIENTO SECUNDARIO -- NOMBRE PERSONAL
Nombre personal Cassá, Roberto,
Fechas asociadas con el nombre 1948-
830 #0 - ASIENTO SECUNDARIO DE SERIE--TÍTULO UNIFORME
Título uniforme Archivo General de la Nación
Número de la parte o sección de una obra 107
910 ## - VALIDACIÓN
Validación VMateo V.
942 ## - ADDED ENTRY ELEMENTS (KOHA)
Source of classification or shelving scheme Dewey Decimal Classification
Koha item type Libros
945 ## - INFORMACIÓN DE PROCESAMIENTO LOCAL
Información de procesamiento local Inventariado, 2021/VM
Existencias
Withdrawn status Lost status Source of classification or shelving scheme Damaged status Not for loan Home library Current library Date acquired Full call number Barcode Date last seen Price effective from Koha item type Source of acquisition Total Checkouts Copy number
    Dewey Decimal Classification     Biblioteca Pública Metropolitana Salomé Ureña Biblioteca Pública Metropolitana Salomé Ureña 08/06/2015 BPMSU CD 923.9 C719V 2010 BPMSU15080113 08/06/2015 08/06/2015 Libros      
    Dewey Decimal Classification     Biblioteca Pública Metropolitana Salomé Ureña Biblioteca Pública Metropolitana Salomé Ureña 08/06/2015 ABPMSU CD 923.9 C719V 2010 BPMSU21100153 10/26/2021 08/06/2015 Libros AGN   e.2